<?xml version="1.0" encoding="UTF-8"?>
<record
    xmlns:xsi="http://www.w3.org/2001/XMLSchema-instance"
    xsi:schemaLocation="http://www.loc.gov/MARC21/slim http://www.loc.gov/standards/marcxml/schema/MARC21slim.xsd"
    xmlns="http://www.loc.gov/MARC21/slim">

  <leader>02334nkc a22002537a 4500</leader>
  <controlfield tag="001">85845</controlfield>
  <controlfield tag="005">20260429125216.0</controlfield>
  <controlfield tag="007">kh bo </controlfield>
  <controlfield tag="008">260429s1920    sp ||||| |||| |0| i|spa d</controlfield>
  <datafield tag="040" ind1=" " ind2=" ">
    <subfield code="a">M-RABA</subfield>
    <subfield code="b">spa</subfield>
    <subfield code="c">M-RABA</subfield>
  </datafield>
  <datafield tag="245" ind1="0" ind2="1">
    <subfield code="a">[Pintura del S.XVII</subfield>
    <subfield code="b">: Rubens, Zurbar&#xE1;n y Morales]</subfield>
    <subfield code="h">[Material gr&#xE1;fico]</subfield>
  </datafield>
  <datafield tag="260" ind1=" " ind2=" ">
    <subfield code="c">[ca.1920]</subfield>
  </datafield>
  <datafield tag="300" ind1=" " ind2=" ">
    <subfield code="a">3 fotograf&#xED;as</subfield>
    <subfield code="b">: aristotipo</subfield>
    <subfield code="c">, imagen 22 x 16 cm (medidas m&#xE1;ximas)</subfield>
  </datafield>
  <datafield tag="500" ind1="0" ind2="0">
    <subfield code="a">Conjunto de 3 fotograf&#xED;as de pinturas del Siglo XVII de los pintores Rubens, Zurbar&#xE1;n y Morales.</subfield>
  </datafield>
  <datafield tag="500" ind1="0" ind2="0">
    <subfield code="a">Fot-811: Las tres Virtudes Teologales (Rubens). El cuadro hoy se halla en paradero desconocido . Se cree perdido en la Segunda Guerra Mundial. Anotaci&#xF3;n manuscrita a tinta en el verso: "0.90 ancho x 1.08 1/2 alto". Nota manuscrita a l&#xE1;piz en el verso: "Atribuido a Rubens".
Fot-812: San Francisco de As&#xED;s recibiendo los estigmas. Nota manuscrita a tinta en el verso: "1,49 alto x 1,76 1/2 ancho". Nota manuscrita a l&#xE1;piz en el verso: "Atribuido a Zurbar&#xE1;n". Zurbar&#xE1;n ya tienen atribuido un cuadro con este nombre, perteneciente a la colecci&#xF3;n de subastas de Godoy.
Fot-813: Ecce Homo. El original se encuentra en la sacrist&#xED;a de la Cartuja de Jerez. Nota manuscrita a tinta en el verso: "0,44 ancho x 0,61 alto". Nota manuscrita a l&#xE1;piz en el verso: "Atribuido a Divino Morales".</subfield>
  </datafield>
  <datafield tag="500" ind1="0" ind2="0">
    <subfield code="a">Las fotograf&#xED;as se encuentran acompa&#xF1;adas de un sobre con la inscripci&#xF3;n mecanografiada: "Excmo. Sr. Don Javier Garc&#xED;a de Leaniz". La fecha de las fotograf&#xED;as est&#xE1; tomada de forma aproximada a el ascenso de Javier Garc&#xED;a como director general de Bellas Artes en 1920.</subfield>
  </datafield>
  <datafield tag="500" ind1="0" ind2="0">
    <subfield code="a">La Fot-811 esta nombrada de forma err&#xF3;nea dentro de Colecciones como "Fot-00810".</subfield>
  </datafield>
  <datafield tag="655" ind1=" " ind2="7">
    <subfield code="a">Fotograf&#xED;as de obras de arte</subfield>
    <subfield code="9">75675</subfield>
  </datafield>
  <datafield tag="852" ind1=" " ind2=" ">
    <subfield code="j">Fot-811; Fot-812; Fot-813</subfield>
  </datafield>
  <datafield tag="856" ind1=" " ind2=" ">
    <subfield code="u">https://archivoybiblioteca.realacademiabellasartessanfernando.com/cgi-bin/koha/opac-retrieve-file.pl?id=327f93fecfe8645a8910812df1d752b9</subfield>
    <subfield code="y">Fot-811</subfield>
  </datafield>
  <datafield tag="856" ind1=" " ind2=" ">
    <subfield code="u">https://archivoybiblioteca.realacademiabellasartessanfernando.com/cgi-bin/koha/opac-retrieve-file.pl?id=7792eb714ca5f537244c9337380c51ec</subfield>
    <subfield code="y">Fot-812</subfield>
  </datafield>
  <datafield tag="856" ind1=" " ind2=" ">
    <subfield code="u">https://archivoybiblioteca.realacademiabellasartessanfernando.com/cgi-bin/koha/opac-retrieve-file.pl?id=8210274b67d088d9b72a7379b0107243</subfield>
    <subfield code="y">Fot-813</subfield>
  </datafield>
  <datafield tag="942" ind1=" " ind2=" ">
    <subfield code="c">FOTOGRAF&#xCD;A</subfield>
    <subfield code="n">0</subfield>
  </datafield>
  <datafield tag="952" ind1=" " ind2=" ">
    <subfield code="0">0</subfield>
    <subfield code="1">0</subfield>
    <subfield code="2">ddc</subfield>
    <subfield code="4">0</subfield>
    <subfield code="7">0</subfield>
    <subfield code="8">FOTOGRAFIA</subfield>
    <subfield code="a">RABASF</subfield>
    <subfield code="b">RABASF</subfield>
    <subfield code="c">DP2</subfield>
    <subfield code="d">2026-04-29</subfield>
    <subfield code="l">0</subfield>
    <subfield code="o">Fot-811</subfield>
    <subfield code="p">1097141</subfield>
    <subfield code="r">2026-04-29 12:52:38</subfield>
    <subfield code="w">2026-04-29</subfield>
    <subfield code="y">FOTOGRAF&#xCD;A</subfield>
  </datafield>
  <datafield tag="952" ind1=" " ind2=" ">
    <subfield code="0">0</subfield>
    <subfield code="1">0</subfield>
    <subfield code="2">ddc</subfield>
    <subfield code="4">0</subfield>
    <subfield code="7">0</subfield>
    <subfield code="8">FOTOGRAFIA</subfield>
    <subfield code="a">RABASF</subfield>
    <subfield code="b">RABASF</subfield>
    <subfield code="c">DP2</subfield>
    <subfield code="d">2026-04-29</subfield>
    <subfield code="l">0</subfield>
    <subfield code="o">Fot-812</subfield>
    <subfield code="p">1097142</subfield>
    <subfield code="r">2026-04-29 12:52:38</subfield>
    <subfield code="w">2026-04-29</subfield>
    <subfield code="y">FOTOGRAF&#xCD;A</subfield>
  </datafield>
  <datafield tag="952" ind1=" " ind2=" ">
    <subfield code="0">0</subfield>
    <subfield code="1">0</subfield>
    <subfield code="2">ddc</subfield>
    <subfield code="4">0</subfield>
    <subfield code="7">0</subfield>
    <subfield code="8">FOTOGRAFIA</subfield>
    <subfield code="a">RABASF</subfield>
    <subfield code="b">RABASF</subfield>
    <subfield code="c">DP2</subfield>
    <subfield code="d">2026-04-29</subfield>
    <subfield code="l">0</subfield>
    <subfield code="o">Fot-813</subfield>
    <subfield code="p">1097143</subfield>
    <subfield code="r">2026-04-29 12:52:38</subfield>
    <subfield code="w">2026-04-29</subfield>
    <subfield code="y">FOTOGRAF&#xCD;A</subfield>
  </datafield>
  <datafield tag="999" ind1=" " ind2=" ">
    <subfield code="c">85845</subfield>
    <subfield code="d">85845</subfield>
  </datafield>
</record>
